000 00491nam a2200169Ia 4500
003 GCL
008 140319s9999 xx 000 0 eng d
040 _aGCL /
_cGCL
082 0 4 _a703
_bR D
100 1 _aREAU, LOUIS
245 1 0 _aDICTIONMAIRE POLY DLATTE DES TERMES D'ART ET D'ARCHEOLOGIE /
_cREAU, LOUIS
260 _a[S.N] :
_bPRESSES UNIVERSITAIRES DE FRANCE ،
_c1953
650 0 4 _aARCHAEOLOGY
650 0 4 _aENCYCLOPEDIAS AND DICTIONARIES
650 0 4 _aART, TERMS
942 _2ddc
_cBK
999 _c19681
_d19681